Griša. Světlo a stíny /
Fantasy román je začátkem trilogie, v níž hlavní hrdinka zjistí, že má magickou moc, která může všechny zachránit, ale i zničit.
Uloženo v:
| Série: | Griša,
část 1 |
|---|---|
| Hlavní autor: | |
| Další autoři: | |
| Médium: | E-kniha |
| Jazyk: | Czech |
| Vydáno: |
Praha :
Fragment,
2021
|
| Vydání: | 2. vydání |
| Témata: | |
| Příbuzné jednotky: | Z cyklu::
Griša |
| Tagy: |
Žádné tagy |
| LEADER | 03114nam a2200565 i 4500 | ||
|---|---|---|---|
| 001 | 311374 | ||
| 003 | CZ PrSKC | ||
| 005 | 20260601215704.0 | ||
| 007 | ta | ||
| 008 | 210219s2021 xr a d 000 f cze | ||
| 015 | |a cnb003309093 | ||
| 020 | |a 9788025353189 |q (soubor) : |c Kč 949,00 | ||
| 020 | |a 978-80-253-4964-9 |q (brožováno) : |c Kč 299,00 | ||
| 035 | |a (OCoLC)1245647984 | ||
| 040 | |a ABG001 |b cze |d ABA001 |e rda | ||
| 041 | 1 | |a cze |h eng | |
| 072 | 7 | |a 821.111(73)-3 |x Americká próza |2 Konspekt | |
| 072 | 7 | |a 821-93 |x Literatura pro děti a mládež (beletrie) |2 Konspekt | |
| 080 | |a 821.111(73)-31 |2 MRF | ||
| 080 | |a 821-93 |2 MRF | ||
| 080 | |a (0:82-312.9) |2 MRF | ||
| 100 | 1 | |a Bardugo, Leigh, |d 1975- |7 ola2017940808 |4 aut | |
| 240 | 1 | 0 | |a Shadow and bone. |l Česky |
| 245 | 1 | 0 | |a Griša. |p Světlo a stíny / |c Leigh Bardugo ; z anglického originálu Shadow and bone přeložila Julie Žemlová |
| 246 | 3 | 0 | |a Světlo a stíny |
| 250 | |a 2. vydání | ||
| 264 | 1 | |a Praha : |b Fragment, |c 2021 | |
| 300 | |a 311 stran : |b ilustrace ; |c 21 cm | ||
| 336 | |a text |b txt |2 rdacontent | ||
| 337 | |a bez média |b n |2 rdamedia | ||
| 338 | |a svazek |b nc |2 rdacarrier | ||
| 500 | |a Na obálce nad názvem: Grishaverse | ||
| 500 | |a Část nákladu distribuována v roce 2021 jako třísvazkový soubor (Světlo a stíny, Bouře a vzdor, Zkáza a naděje) ve společném kartonovém pouzdru se souborným názvem: Trilogie Griša; ISBN souboru pouze na krabici | ||
| 500 | |a Dotisk v roce 2021 | ||
| 520 | 2 | |a Fantasy román je začátkem trilogie, v níž hlavní hrdinka zjistí, že má magickou moc, která může všechny zachránit, ale i zničit. |b Ravka byla kdysi mocná země, ale nyní je zpustošena válkami, obklopena nepřáteli a všude panuje strach. Když je regiment Aliny Starkové napaden a jejímu nejlepšímu kamarádovi hrozí smrt, odhaluje v sobě Alina skrytou sílu. Sílu, která by mohla být klíčem k osvobození rozvrácené země. Opouští tak svět, který znala, aby se stala grišou - příslušnicí mocného řádu kouzelníků, kterému vládne záhadný Temnyj. Jenže v tomhle světě nic není, jak se zdá... Nakladatelská anotace. | |
| 655 | 7 | |a americké romány |7 fd131796 |2 czenas | |
| 655 | 7 | |a fantasy romány |7 fd184199 |2 czenas | |
| 655 | 7 | |a publikace pro mládež |7 fd133157 |2 czenas | |
| 655 | 9 | |a American fiction |2 eczenas | |
| 655 | 9 | |a fantasy novels |2 eczenas | |
| 655 | 9 | |a juvenile literature |2 eczenas | |
| 700 | 1 | |a Žemlová, Julie |7 xx0147330 |4 trl | |
| 740 | 0 | 2 | |a Trilogie Griša |
| 787 | 0 | 8 | |i Z cyklu: |t Griša |g 1 |
| 900 | |a ABA001 |b 20 | ||
| 928 | 9 | |a Albatros Media - Fragment | |
| 044 | |a xr | ||
| 910 | |a RBIT002 | ||
| 998 | |d 332990 |a https://core.palmknihy.cz/api/books/332990/cover?si7vkm |b https://core.palmknihy.cz/api/books/332990/cover/400?si7vkm |c https://core.palmknihy.cz/api/books/332990/cover/50?si7vkm |e 2027-04-01 |g 312 |i 9788025349649 |j https://core.palmknihy.cz/api/books/332990/preview.epub |k https://core.palmknihy.cz/api/books/332990/preview.pdf |l |q 49 |r 1 |s https://www.palmknihy.cz/kniha/332990 |t ebook |y 2021 |z 0 |v Griša |w 1 | ||
| 999 | |d 311372 | ||